Đặc điểm hồ chứa nước ở Việt Nam và biện pháp nuôi cá

保存先:
書誌詳細
第一著者: Nguyễn Anh
フォーマット: 図書
言語:Undetermined
出版事項: Hà Nội Nông Nghiệp 1978
主題:
タグ: タグ追加
タグなし, このレコードへの初めてのタグを付けませんか!
Thư viện lưu trữ: Trung tâm Học liệu Trường Đại học Cần Thơ
LEADER 00558nam a2200181Ia 4500
001 CTU_14445
008 210402s9999 xx 000 0 und d
082 |a 639.312 
082 |b A107 
100 |a Nguyễn Anh 
245 0 |a Đặc điểm hồ chứa nước ở Việt Nam và biện pháp nuôi cá 
245 0 |c Nguyễn Anh 
260 |a Hà Nội 
260 |b Nông Nghiệp 
260 |c 1978 
650 |a fish ponds,fish-culture 
904 |i Minh, 970103 
980 |a Trung tâm Học liệu Trường Đại học Cần Thơ